Unpackaged tours : world travels off the beaten track /

Bibliographic Details
Main Author: Morrisby, Ted
Format: Book
Language:English
Published: New York : Taplinger Pub. Co., 1988.
Subjects:

MARC

Tag First Indicator Second Indicator Subfields
LEADER 00000cam a2200000 a 4500
001 in00000035036
005 20151007055246.0
008 870424s1988 nyub b 00010 eng
010 |a  87013207  
020 |a 0800879392 :  |c $17.95 
035 |a (OCoLC)15793190 
035 |9 AAB7717AM 
040 |a DLC  |c DLC  |d TXA  |d UtOrBLW 
049 |a TXAM  |c [A11505743] 
050 0 0 |a G465.M68  |b A3 1988 
082 0 |a 910.4  |2 19 
100 1 |a Morrisby, Ted. 
245 1 0 |a Unpackaged tours :  |b world travels off the beaten track /  |c Edwin Morrisby. 
264 1 |a New York :  |b Taplinger Pub. Co.,  |c 1988. 
300 |a vi, 392 pages :  |b maps ;  |c 22 cm. 
336 |a text  |b txt  |2 rdacontent 
337 |a unmediated  |b n  |2 rdamedia 
338 |a volume  |b nc  |2 rdacarrier 
504 |a Bibliography: pages 377-392. 
600 1 0 |a Morrisby, Ted. 
650 0 |a Voyages and travels. 
999 |a MARS 
999 f f |s ea331580-ee85-377d-9618-93723dbd2b48  |i 0c2106d9-6487-3dbc-ae9f-a4a8a22611e8  |t 0 
952 f f |p ric  |a Texas A&M University  |b Rellis Campus  |c Joint Library Facility  |d Remote Storage  |t 0  |e G465.M68 A3 1988  |h Library of Congress classification  |i unmediated -- volume  |m A14811505743 
998 f f |a G465.M68 A3 1988  |t 0  |l Remote Storage